802.11 (Wi-Fi) (Record no. 3095)

000 -LEADER
fixed length control field 00547nam a2200205 4500
001 - CONTROL NUMBER
control field 3095
003 - CONTROL NUMBER IDENTIFIER
control field BD-DhUET
008 - FIXED-LENGTH DATA ELEMENTS--GENERAL INFORMATION
fixed length control field 141020b xxu||||| |||| 00| 0 eng d
020 ## - INTERNATIONAL STANDARD BOOK NUMBER
International Standard Book Number 0070531439
040 ## - CATALOGING SOURCE
Transcribing agency 0
Modifying agency BD-DhUET
082 ## - DEWEY DECIMAL CLASSIFICATION NUMBER
Classification number 004.6502
Item number REI/2003
100 ## - MAIN ENTRY--PERSONAL NAME
Personal name Reid, Neil
245 ## - TITLE STATEMENT
Title 802.11 (Wi-Fi)
Remainder of title networking handbook
Statement of responsibility, etc. by Neil Reid and Ron Seide
250 ## - EDITION STATEMENT
Edition statement 1st ed.
260 ## - PUBLICATION, DISTRIBUTION, ETC. (IMPRINT)
Place of publication, distribution, etc. New Delhi
Name of publisher, distributor, etc. Tata McGraw-Hill
Date of publication, distribution, etc. 2003
300 ## - PHYSICAL DESCRIPTION
Extent xx,376p.
650 #0 - SUBJECT ADDED ENTRY--TOPICAL TERM
Topical term or geographic name as entry element Network-Wireless-Handbooks, manuals, etc.
700 ## - ADDED ENTRY--PERSONAL NAME
Personal name Seide, Ron
942 ## - ADDED ENTRY ELEMENTS (KOHA)
Koha item type General Book
Holdings
Shelving location Damaged status Koha full call number Withdrawn status Koha normalized classification for sorting Not for loan Koha item type Source of classification or shelving scheme Date acquired Copy number Koha date last seen Location (home branch) Piece designation (barcode) Lost status Price effective from Sublocation or collection (holding branch)
Circulation section 004.6502/REI/2003 004_000000000000000_6502REI200 General Book 2014-10-2012014-10-20Central Library, BUET102033 2014-10-20Central Library, BUET
Circulation section 004.6502/REI/2003 004_000000000000000_6502REI200 General Book 2014-10-2022014-10-20Central Library, BUET102034 2014-10-20Central Library, BUET